000 00662nam a22001457a 4500
008 180825b xxu||||| |||| 00| 0 eng d
020 _a9709703587
082 _a769.972
_bG233t
100 _aGarmendia, María Eugenia
_96632
245 _aTaller de Grabado del Molino de Santo Domingo
260 _aMéxico
_bInstituto Nacional de Bellas Artes y Literatura
_bCentro Nacional de Investigación, Documentación e Información de Artes Plásticas (CENIDIAP)
_bEstampa Artes Gráficas S.A. de C.V.
_c2012
300 _a19 p.
_bill.
_c21 cm.
440 _aEnsayos Abrevian
_96618
650 _2Arte contemporáneo
_xArte - grabado
_xHIstoria - grabado
_zGrabado - México
_96633
999 _c1597
_d1597